Storia tematica della letteratura persiana classica /

Saved in:
Bibliographic Details
Main Author: Saccone, Carlo, 1952-
Format: Book
Language:Italian
Published: Milano : Luni, c1999-<2014>
Series:Biblioteca medievale (Milan, Italy). Saggi ; 3, 17.
Orizzonti medievali ; 4.
Subjects:
Tags: Add Tag
No Tags, Be the first to tag this record!
LEADER 01981nam a2200445 a 4500
001 008282995-0
005 20140930162046.0
008 000517m19999999it b 000 0 ita d
020 |a 8879841882 (v. 1) 
020 |a 8843032623 (v. 2) 
020 |a 9788854870741(v. 3) 
035 0 |a ocm42577222 
035 1 |a NYPGR44070348 
040 |a NN  |c NN 
043 |a a-ir--- 
050 0 0 |a PK6408  |b .S295 1999 
100 1 |a Saccone, Carlo,  |d 1952- 
245 1 0 |a Storia tematica della letteratura persiana classica /  |c Carlo Saccone. 
246 3 |a Viaggi e visioni di re, sufi, profeti 
246 3 |a Maestro sufi e la bella cristiana 
260 |a Milano :  |b Luni,  |c c1999-<2014> 
300 |a v. ;  |c 21-22 cm. 
490 1 |a Biblioteca medievale.  |a Saggi ;  |v 3, 17 
490 1 |3 v. 3:  |a Orizzonti medievali ;  |v 4 
500 |a Previously published essays, some revised. 
500 |a Vol. 2 publ.: Roma : Carocci, 2005. 
500 |a Volume III published in 2014: Roma : Aracne Editrice, in series: Orrizzonti medievali ; 4. 
504 |a Includes bibliographical references. 
505 1 |g v. 1.  |t Viaggi e visioni di re, sufi, profeti --  |g v. 2.  |t Il maestro sufi e la bella cristiana /  |r presentazione di Johann Christoph Bürgel --  |g v. 3.  |t Il re dei belli, il re del mondo. 
650 0 |a Persian literature  |x History and criticism. 
650 0 |a Islam in literature. 
650 0 |a Mythology in literature. 
650 0 |a Comparative literature  |x Persian and Western. 
650 0 |a Comparative literature  |x Western and Persian. 
776 0 8 |i Online version:  |a Saccone, Carlo, 1952-  |t Storia tematica della letteratura persiana classica.  |d Milano : Luni, c1999-2005  |w (OCoLC)607421859 
776 0 8 |i Online version:  |a Saccone, Carlo, 1952-  |t Storia tematica della letteratura persiana classica.  |d Milano : Luni, ©1999-2005  |w (OCoLC)607421859 
830 0 |a Biblioteca medievale (Milan, Italy).  |p Saggi ;  |v 3, 17. 
830 0 |a Orizzonti medievali ;  |v 4. 
988 |a 20020608 
906 |0 RLIN